| 000 | 00776cam a2200205 4500500 | ||
|---|---|---|---|
| 005 | 20260315005036.0 | ||
| 041 | _afre | ||
| 042 | _adc | ||
| 100 | 1 | 0 |
_aLe Bras, Hervé _eauthor |
| 245 | 0 | 0 | _aEnquête sur le peuplement de la France |
| 260 | _c2020. | ||
| 500 | _a36 | ||
| 690 | _a« Français de souche » | ||
| 690 | _ae | ||
| 690 | _aL’expression est apparue pour la première fois au | ||
| 690 | _asiècle (on la trouve chez Sainte Beuve). Elle fait partie du vocabulaire que n’a cessé de promouvoir l’extrême droite. | ||
| 690 | _axix | ||
| 786 | 0 | _nL'Histoire - Les Collections | 88 | 3 | 2020-07-09 | p. 6-11 | 2727-6945 | |
| 856 | 4 | 1 | _uhttps://shs.cairn.info/magazine-hist-l-hisoire-les-collections-2020-3-page-6?lang=fr&redirect-ssocas=7080 |
| 999 |
_c1700606 _d1700606 |
||